Top 100 Girls' Names Northern Ireland 2018 - Statistics

General Stats
  • This quiz has been taken 226 times
  • The average score is 47 of 100
Answer Stats
# First Letter Name % Correct
1 G Grace
91%
3 O Olivia
90%
2 E Emily
89%
27 E Emma
87%
5 E Ella
82%
8 A Anna
81%
4 S Sophie
80%
63= Z Zoe
77%
16= E Eva
76%
21 H Hannah
75%
55 S Sarah
74%
37 Z Zara
74%
13 C Charlotte
73%
25 E Ellie
73%
77= E Eve
73%
9 L Lily
73%
10 L Lucy
73%
42 S Sofia
73%
12 S Sophia
73%
14 A Ava
72%
18 J Jessica
71%
6 A Amelia
70%
34= I Isabella
70%
23 M Mia
70%
31 C Chloe
69%
7 I Isla
68%
21= K Katie
66%
67= R Rose
66%
39 A Alice
65%
80 A Amy
64%
69 M Mollie
64%
34= M Molly
64%
16 E Erin
63%
75= M Maria
62%
46 A Abigail
60%
15 E Evie
59%
39= G Georgia
57%
80= H Hollie
57%
34 H Holly
57%
86= R Rebecca
57%
33 R Rosie
57%
29 R Ruby
56%
11 A Aoife
53%
19 N Niamh
53%
26 F Freya
52%
50 I Ivy
52%
38 C Clara
51%
51 D Daisy
49%
46= P Poppy
49%
28 C Cara
48%
54 L Leah
46%
24 A Annie
44%
77= L Layla
44%
86= L Lola
44%
31= W Willow
44%
92= J Julia
42%
30 A Aria
41%
63= E Elsie
41%
46= H Harper
41%
60= R Rosa
41%
41 M Maisie
40%
95= M Maya
40%
51= P Phoebe
40%
95 A Annabelle
38%
43 C Caoimhe
38%
69= S Sienna
37%
63 A Amber
36%
72= M Mila
35%
60= F Faith
34%
80= G Gracie
34%
46= S Saoirse
34%
75 L Lara
32%
92 A Ada
31%
86= E Emilia
30%
55= S Scarlett
30%
20 F Fiadh
28%
77 C Caitlin
27%
60 C Cora
27%
86= D Darcy
27%
58= F Faye
26%
72 H Heidi
26%
71 T Thea
26%
72= L Lottie
24%
57 E Eimear
20%
86 A Aine
18%
63= S Sadie
18%
98= S Savannah
18%
86= C Cassie
16%
80= R Robyn
16%
98 E Eden
15%
98= P Penny
15%
80= P Pippa
14%
45 M Meabh
12%
58 C Connie
11%
44 C Clodagh
10%
51= E Eabha
10%
95= M Mya
7%
80= F Farrah
4%
92= F Fianna
4%
67 M Myla
2%
No matching quizzes found
Score Distribution
Percent of People with Each Score
Percentile by Number Answered
Your Score History
You have not taken this quiz